| 000 | 00876cam a2200289 i 4500 | ||
|---|---|---|---|
| 001 | 768714001 | ||
| 003 | CO-MdBIC | ||
| 005 | 20231122144648.0 | ||
| 007 | ta | ||
| 008 | 231122t1979 -us||||| |||| 00| 0 eng d | ||
| 020 | _a0-87784-456-9 | ||
| 040 |
_bspa. _aCO-MdFUSB _cCO-MdFUSB _dCO-MdFUSBC _erda |
||
| 041 | _aeng | ||
| 082 | 0 | 4 | _aG 230.1 N613c |
| 100 | 1 | _aNicholls, Bruce J. | |
| 245 | 1 | 0 |
_aContextualization : A theology of gospel and culture / Bruce J. Nicholls _c/ |
| 264 | 1 |
_aDownera Grove, Illli., USA : InterVarsity _bInterVarsity Press, _c[1979] |
|
| 264 | 1 | _c©1979 | |
| 300 |
_a72 Pag _c; |
||
| 336 |
_atexto _btxt _2rdacontent |
||
| 337 |
_2rdamedia _asin mediación _bn |
||
| 338 |
_2rdacarrier _avolumen _bnc |
||
| 650 | 1 | 7 |
_aTeología dogmática _2embne _96945 _yS.XX |
| 650 | 1 | 7 |
_aCristianismo y cultura _2embne _96959 |
| 942 | _cBK | ||
| 945 | _aJohan1477 | ||
| 999 |
_c34217 _d34217 |
||